000 00675nam a2200205 i 4500
001 98912
003 ES-MaACL
005 20250725062536.0
007 t|
008 940202s1883 sp ||||1| spa d
040 _aAS
_bspa
100 1 _aEchegaray, José,
_d1832-1916
_946526
245 1 0 _aTeorías modernas de la física :
_bunidad de las fuerzas materiales : colección de artículos.
_nSegunda serie /
_cpor José Echegaray.
260 _aMadrid :
_bImp. y Librería de J. Gaspar,
_c1883.
300 _a238 p. ;
_c18 cm.
650 0 7 _aFísica
_2embne
_912877
650 0 4 _aDivulgación científica.
_911958
852 _aES-MaACL
_jG-13913
999 _c98912
_d98912